| 000 | 00864nam a2200205Ii 4500 | ||
|---|---|---|---|
| 003 | JO-AjNU | ||
| 008 | 230605s9999||||xx |||||||||||||| ||und|| | ||
| 040 |
_aJO-AjNU _bara _erda _cJO-AjNU |
||
| 041 | _aara | ||
| 050 | 1 | 4 | _aJX1952 2007 |
| 100 | 3 |
_aتحرير سامبسون... وآخرون: تحرير محمد ابو نمر، تحرير كلوديا ليبلر، تحرير ديانا ويتني؛ ترجمة فؤاد سروجي؛ مراجعة وتدقيق عماد عمر, _eauthor _949860 |
|
| 245 | 0 | 0 | _aالمقاربات الإيجابية لبناء السلام |
| 250 | _aط1 العربية | ||
| 264 | 3 | 1 | _aعمان: الاهاية للنشر والتوزيع، 2007 |
| 300 | _a564ص | ||
| 336 |
_atext _btxt _2rdacontent |
||
| 337 |
_aunmediated _bn _2rdamedia |
||
| 338 |
_avolume _bnc _2rdacarrier |
||
| 650 | 4 |
_aالسلام العالمي _949861 |
|
| 999 |
_aA21927 _c25495 _d25495 |
||